000 00307nam a22001217a 4500
008 160510b xxu||||| |||| 00| 0 eng d
020 _a9780781759366
020 _a0781759366
041 _aeng
080 _a573
245 _aClinically oreiented anatomy:
_cKeith L. Moore; Arthur F.Dalley;
942 _2udc
_cBK
999 _c1945
_d1945